00443nam a2200169 a 45000010005000000030009000050080041000140400028000550820016000831000021000992450034001202500007001542600031001613000010001924900037002026500034002397359CO-ViMGA141112s2004 ck r 000 u spa d aCO-ViMGAbspacCO-ViMGA04a923.7 C653k1 aKozik, Frantisek10aComenio : bÁngel de la paz a2a aMexico : bTrillas, c1996 a236 p aBiblioteca grandes educadores, 714aCOMENIO, JUANAMOS 1593 - 1670